009020000a220013300045001000025000002450048000253000031000735200456001046500043005607730050006039420008006539520090006619990017007511 aDemombynes, Gabriel.10aLos desafíos del desarrollo en Antioquia. ano.20 (mar., 2009), p.4-10 aAl llegar Antioquia, un visitante queda impresionado tanto por el dinamismo de la actividad económica como por la inequidad y la pobreza en las zonas rurales y barrios marginales de sus ciudades. ¿cuál debería ser la respuesta a esta situación que de alguna forma u otra se repite en otras regiones del país y en otras naciones latinoamericanas? Esta es la pregunta central del informe sobre el desarrollo mundial del banco mundial de 2009.14aDESARROLLO DE LA COMUNIDAD - ANTIOQUIA0 tRevista Observar: informe de coyuntura social cANA 001040708HEMaFUSBCbFUSBCd2016-01-26l0o r2016-01-26 00:00:00w2016-01-26yANA c63068d63068